<?xml version="1.0" encoding="UTF-8"?>
<record
    xmlns:xsi="http://www.w3.org/2001/XMLSchema-instance"
    xsi:schemaLocation="http://www.loc.gov/MARC21/slim http://www.loc.gov/standards/marcxml/schema/MARC21slim.xsd"
    xmlns="http://www.loc.gov/MARC21/slim">

  <leader>01822cam a2200277 i 4500</leader>
  <controlfield tag="001">18163360</controlfield>
  <controlfield tag="003">OSt</controlfield>
  <controlfield tag="005">20210730124008.0</controlfield>
  <controlfield tag="008">140430s2013    sp       b    000 0 spa  </controlfield>
  <datafield tag="020" ind1=" " ind2=" ">
    <subfield code="a">9788437091433</subfield>
  </datafield>
  <datafield tag="035" ind1=" " ind2=" ">
    <subfield code="a">(SP-BaPL)pu140572302</subfield>
  </datafield>
  <datafield tag="040" ind1=" " ind2=" ">
    <subfield code="a">DLC</subfield>
    <subfield code="c">CO-JMCR</subfield>
  </datafield>
  <datafield tag="041" ind1="0" ind2=" ">
    <subfield code="a">spa</subfield>
  </datafield>
  <datafield tag="082" ind1="0" ind2="4">
    <subfield code="a">332.1046 /</subfield>
    <subfield code="b">S151b</subfield>
    <subfield code="2">23</subfield>
  </datafield>
  <datafield tag="100" ind1="1" ind2=" ">
    <subfield code="a">Sanchis Palacio, Joan Ram&#xF3;n., </subfield>
    <subfield code="e">autor</subfield>
    <subfield code="9">38911</subfield>
  </datafield>
  <datafield tag="245" ind1="1" ind2="3">
    <subfield code="a">La banca que necesitamos :</subfield>
    <subfield code="b">de la crisis bancaria a la banca &#xE9;tica : una alternativa socialmente responsable /</subfield>
    <subfield code="c">Joan Ramon Sanchis Palacio.</subfield>
  </datafield>
  <datafield tag="264" ind1=" " ind2="1">
    <subfield code="a">[Valencia] :</subfield>
    <subfield code="b">Universidad de Val&#xE8;ncia,</subfield>
    <subfield code="c">2013.</subfield>
  </datafield>
  <datafield tag="300" ind1=" " ind2=" ">
    <subfield code="a">158 p&#xE1;ginas ;</subfield>
    <subfield code="c">20 cm.</subfield>
  </datafield>
  <datafield tag="504" ind1=" " ind2=" ">
    <subfield code="a">Bibliograf&#xED;a : p&#xE1;ginas 157-158.</subfield>
  </datafield>
  <datafield tag="505" ind1="0" ind2=" ">
    <subfield code="a">La banca que ten&#xED;amos. -- La banca que a causado la crisis. -- La banca que nos impide salir de la crisis. -- Otra banca es posible: la banca &#xE9;tica. </subfield>
  </datafield>
  <datafield tag="520" ind1="0" ind2=" ">
    <subfield code="a">La actual crisis econ&#xF3;mica ha venido determinada, en buena parte, por la deficiente gesti&#xF3;n de las entidades bancarias, que se han dedicado a prestar grandes sumas de dinero a promotores y constructores, generando una burbuja inmobiliaria que con su estallido a partir del a&#xF1;o 2008 ha producido un fuerte in cremento de la deuda privada (de familias y empresas) no respaldada, dada la enorme depreciaci&#xF3;n de activos a la que asistimos. La ca&#xED;da de las cajas de ahorros debido al exceso de activos t&#xF3;xicos inmobiliarios, ha obligado a la Uni&#xF3;n Europea a aprobar un rescate bancario que, unido a las ayudas que el Fondo de Reestructuraci&#xF3;n Ordenada Bancaria (FROB) ha concedido a estas entidades, est&#xE1; incrementando la deuda p&#xFA;blica espa&#xF1;ola de forma preocupante.</subfield>
  </datafield>
  <datafield tag="650" ind1="1" ind2="4">
    <subfield code="a">Aspectos sociales</subfield>
    <subfield code="9">38912</subfield>
  </datafield>
  <datafield tag="650" ind1="2" ind2="4">
    <subfield code="a">Bancos y banca </subfield>
    <subfield code="x">Aspectos sociales</subfield>
    <subfield code="9">38913</subfield>
  </datafield>
  <datafield tag="650" ind1="2" ind2="4">
    <subfield code="a">Historia econ&#xF3;mica</subfield>
    <subfield code="9">38914</subfield>
  </datafield>
  <datafield tag="942" ind1=" " ind2=" ">
    <subfield code="2">ddc</subfield>
    <subfield code="c">BK</subfield>
  </datafield>
  <datafield tag="999" ind1=" " ind2=" ">
    <subfield code="c">12052</subfield>
    <subfield code="d">12052</subfield>
  </datafield>
  <datafield tag="952" ind1=" " ind2=" ">
    <subfield code="0">0</subfield>
    <subfield code="1">0</subfield>
    <subfield code="2">ddc</subfield>
    <subfield code="4">0</subfield>
    <subfield code="7">0</subfield>
    <subfield code="a">CPL</subfield>
    <subfield code="b">CPL</subfield>
    <subfield code="c">GEN</subfield>
    <subfield code="d">2018-04-15</subfield>
    <subfield code="e">Donaci&#xF3;n</subfield>
    <subfield code="o">332.1046 / S151b</subfield>
    <subfield code="p">430002357</subfield>
    <subfield code="r">2024-05-16 00:00:00</subfield>
    <subfield code="t">Ej.1</subfield>
    <subfield code="w">2021-03-10</subfield>
    <subfield code="y">BK</subfield>
  </datafield>
  <datafield tag="952" ind1=" " ind2=" ">
    <subfield code="0">0</subfield>
    <subfield code="1">0</subfield>
    <subfield code="2">ddc</subfield>
    <subfield code="4">0</subfield>
    <subfield code="7">0</subfield>
    <subfield code="a">CPL</subfield>
    <subfield code="b">CPL</subfield>
    <subfield code="c">GEN</subfield>
    <subfield code="d">2018-04-15</subfield>
    <subfield code="e">Donaci&#xF3;n</subfield>
    <subfield code="l">0</subfield>
    <subfield code="o">332.1046 / S151b</subfield>
    <subfield code="p">430002356</subfield>
    <subfield code="r">2024-05-16 00:00:00</subfield>
    <subfield code="t">Ej.2</subfield>
    <subfield code="w">2021-03-10</subfield>
    <subfield code="y">BK</subfield>
  </datafield>
</record>
